Подробности
| 000 -МАРКЕР |
| контрольное поле |
01776nam0a2200421 4500 |
| 001 - ИДЕНТИФИКАТОР ЗАПИСИ |
| контрольное поле |
RU\NLR\BIBL_A\022194326 |
| 005 - ИДЕНТИФИКАТОР ВЕРСИИ |
| контрольное поле |
20250803041638.0 |
| 010 ## - МЕЖДУНАРОДНЫЙ СТАНДАРТНЫЙ НОМЕР КНИГИ (ISBN) |
| Номер (ISBN) |
5-529-01011-3 |
| 035 ## - ДРУГИЕ СИСТЕМНЫЕ НОМЕРА |
| Идентификатор записи |
(NLR Aleph) 022194326 |
| 100 ## - ДАННЫЕ ОБЩЕЙ ОБРАБОТКИ |
| Данные общей обработки |
20240411d1990 |||y0rusy50 ca |
| 101 1# - ЯЗЫК РЕСУРСА |
| Язык текста, звукозаписи и т.д. |
русский |
| -- |
грузинский |
| -- |
английский |
| 102 ## - СТРАНА ПУБЛИКАЦИИ ИЛИ ПРОИЗВОДСТВА |
| Страна публикации |
Грузия |
| 105 ## - ПОЛЕ КОДИРОВАННЫХ ДАННЫХ: ТЕКСТОВЫЕ МАТЕРИАЛЫ, МОНОГРАФИЧЕСКИЕ |
| Кодированные данные о монографическом текстовом документе |
acb z 000zy |
| 181 #0 - ПОЛЕ КОДИРОВАННЫХ ДАННЫХ: ВИД СОДЕРЖАНИЯ |
| Код вида содержания (ISBD) |
b3 |
| Код характеристики содержания (ISBD) |
xb2e |
| 181 #0 - ПОЛЕ КОДИРОВАННЫХ ДАННЫХ: ВИД СОДЕРЖАНИЯ |
| Код вида содержания (ISBD) |
i2 |
| Код характеристики содержания (ISBD) |
axxe |
| 182 #0 - ПОЛЕ КОДИРОВАННЫХ ДАННЫХ: ТИП СРЕДСТВА |
| Код типа средства (ISBD) |
n - непосредственное |
| 200 1# - ЗАГЛАВИЕ И СВЕДЕНИЯ ОБ ОТВЕТСТВЕННОСТИ |
| Основное заглавие |
Кутаиси |
| Параллельное заглавие |
Kutaisi |
| Сведения, относящиеся к заглавию |
[альбом] |
| Первые сведения об ответственности |
Тамаз Герсамия |
| Язык параллельного заглавия |
английский |
| 203 ## - ВИД СОДЕРЖАНИЯ И ТИП СРЕДСТВА |
| Вид содержания |
Изображение |
| -- |
Текст |
| Дополнительные сведения об издании |
визуальные |
| Тип средства |
непосредственные |
| 210 ## - ПУБЛИКАЦИЯ, РАСПРОСТРАНЕНИЕ И ДР. |
| Место издания, распространения и т.д. |
Тбилиси |
| Имя издателя, распространителя и т. д. |
Сабчота Сакартвело |
| Дата издания, распространения и т.д. |
1990 |
| 215 ## - ФИЗИЧЕСКАЯ ХАРАКТЕРИСТИКА |
| Специфическое обозначение материала и объем |
[223] с. |
| Другие сведения о физической характеристике |
ил., цв. ил., портр., карты |
| Размеры |
32 |
| 300 ## - ОБЩИЕ ПРИМЕЧАНИЯ |
| Текст примечания |
Данные тит. л. также на груз. яз. |
| 300 ## - ОБЩИЕ ПРИМЕЧАНИЯ |
| Текст примечания |
Авт. также на англ. яз.: Tamaz Gersamia |
| 300 ## - ОБЩИЕ ПРИМЕЧАНИЯ |
| Текст примечания |
На обл. авт. не указан |
| 300 ## - ОБЩИЕ ПРИМЕЧАНИЯ |
| Текст примечания |
Текст парал. груз., рус., англ. |
| 320 ## - ПРИМЕЧАНИЯ О НАЛИЧИИ В ДОКУМЕНТЕ БИБЛИОГРАФИИ / УКАЗАТЕЛЯ |
| Текст примечания |
Библиогр. в конце кн. |
| 510 1# - ПАРАЛЛЕЛЬНОЕ ЗАГЛАВИЕ |
| Связь между полями |
z37790 |
| Параллельное заглавие |
Kutaisi |
| Язык заглавия |
английский |
| 606 1# - НАИМЕНОВАНИЕ ТЕМЫ КАК ПРЕДМЕТ |
| Наименование темы |
Искусство грузинское |
| Формальный подзаголовок |
Альбомы |
| Географический подзаголовок |
Кутаиси, город (Грузия) |
| Системный номер авторитетной/нормативной записи |
2586735 |
| Идентификатор авторитетной/нормативной записи |
RU\NLR\AUTH\6601739022 |
| 607 ## - ГЕОГРАФИЧЕСКОЕ НАИМЕНОВАНИЕ КАК ПРЕДМЕТ |
| Географическое наименование |
Кутаиси, город (Грузия) |
| Формальный подзаголовок |
Альбомы |
| Тематический подзаголовок |
История |
| Системный номер авторитетной/нормативной записи |
900769 |
| Идентификатор авторитетной/нормативной записи |
RU\NLR\AUTH\66327447 |
| 686 1# - ИНДЕКСЫ ДРУГИХ КЛАССИФИКАЦИЙ |
| Индекс |
Щ03(2Г)92Кутаиси я61, Т3(5Г-2Ку)я6 |
| 700 #1 - ИМЯ ЛИЦА - ПЕРВИЧНАЯ ОТВЕТСТВЕННОСТЬ |
| Начальный элемент ввода |
Герсамия |
| Часть имени, кроме начального элемента ввода |
Т. Г. |
| Расширение инициалов личного имени |
Тамаз Георгиевич |
| 790 #1 - ИМЯ ЛИЦА - АЛЬТЕРНАТИВНАЯ ФОРМА |
| Связь между полями |
z37510 |
| Начальный элемент ввода |
Gersamija |
| Часть имени, кроме начального элемента ввода |
T. G. |
| Расширение инициалов личного имени |
Tamaz Georgievič |
| 852 ## - МЕСТОНАХОЖДЕНИЕ И ШИФР ХРАНЕНИЯ |
| Идентификатор организации |
NLR |
| Наименование фонда или коллекции (Sub-Location Identifier) |
ОНЛ |
| Шифр хранения (Call Number) |
Груз./5-864 |
| 942 ## - ДОПОЛНИТЕЛЬНЫЕ ЭЛЕМЕНТЫ ЗАПИСИ (АБИС) |
| Тип экземпляра АБИС |
Книга |
| 980 ## - КОЛЛЕКЦИЯ |
| Название коллекции |
Национальная библиография |